00798nam a22002057a 450000500170000001000150001702000270003203500140005903700090007308200150008224500910009725000060018826000360019427000920023030000260032250000370034894200260038599900190041195201620043020260702162007.0 aENG-148974 a9788195293100c2495.00 aEN-132506 bDBAD a294.53821 aReligious Journeys in India/cEdited By Andrea Marion Pinkney [and] John Whalen Bridge a1 aDarya GanjbSanctum Booksc2025 a68 Medical Association Road, Darya GanjbNew Delhie110002mvikramjain@sanctumbooks.com axiii, 323p;c24cm(hb) aPilgrims, Tourists and Travelers 2ddccENh294.538mREL c216843d216843 001040718NFICaDBADbDBADd2026-07-02eDelivery of Books Act Divisiong2495.00l0o294.538 RELpEN-132506r2026-07-02 16:20:29t1v2495.00w2026-07-02yEN